000 00544nam a2200217Ia 4500
003 OSt
005 20230509165452.0
008 210423s2008 xx 000 0 und d
020 _a8187134127
040 _cAL
041 _aeng
082 _a574.1921
_223
_bDASA
100 _aDAS (Asim K)
_950067
245 _aBioinorganic chemistry
260 _aKolkata
_bBooks & Allied Pvt Ltd
_c2008
300 _avii,400,xiv
_bHB
365 _b345
_cINR
650 _aBiochemistry
_950068
906 _aBioinorganic ; chemistry
942 _2ddc
_cBK
999 _c153826
_d153826